| 000 | 00575nam a2200193Ia 4500 | ||
|---|---|---|---|
| 008 | 160319s9999 xx 000 0 und d | ||
| 020 | _a9789712726880 | ||
| 050 | _a899.21020514 | ||
| 050 | _bF699h 2012 | ||
| 100 | _aFord, Aida Rivera | ||
| 245 | _aHeroes in love : | ||
| 245 | _bfour plays : Jose Rizal, Gregorio del Pilar, Manuel Quezon : Ibarra in love with Maria Clara with Padre Damaso as oppositor / | ||
| 245 | _cAida Rivera Ford. | ||
| 260 | _aManila : | ||
| 260 | _bAnvil Pub. Inc. | ||
| 260 | _c2012 | ||
| 300 | _axv, 116 pages ; | ||
| 300 | _c18 cm. | ||
| 999 |
_c292209 _d292209 |
||